ARRUPE JESUIT UNIVERSITY

CORONAVIRUS -STOP THE SPREAD - CLEAN,DISINFECT,COVER

Tourism and socialist development / (Record no. 120011)

MARC details
000 -LEADER
fixed length control field 00797cam a2200277 i 4500
001 - CONTROL NUMBER
control field 2539580
003 - CONTROL NUMBER IDENTIFIER
control field ARRUPE
005 - DATE AND TIME OF LATEST TRANSACTION
control field 20140207140005.0
008 - FIXED-LENGTH DATA ELEMENTS--GENERAL INFORMATION
fixed length control field 750827s1973 tz 000 0 eng
010 ## - LIBRARY OF CONGRESS CONTROL NUMBER
LC control number 74980092 //r89
035 ## - SYSTEM CONTROL NUMBER
System control number (OCoLC)ocm01637804
035 ## - SYSTEM CONTROL NUMBER
System control number (NNC)2539580
040 ## - CATALOGING SOURCE
Original cataloging agency DLC
Transcribing agency DLC
Modifying agency ZCU
043 ## - GEOGRAPHIC AREA CODE
Geographic area code f-tz---
050 00 - LIBRARY OF CONGRESS CALL NUMBER
Classification number G155.T3
Item number T68
082 00 - DEWEY DECIMAL CLASSIFICATION NUMBER
Classification number 338.4/7/91678
300 ## - PHYSICAL DESCRIPTION
Dimensions 18 cm.
245 00 - TITLE STATEMENT
Title Tourism and socialist development /
Statement of responsibility, etc edited by I. G. Shivji.
260 ## - PUBLICATION, DISTRIBUTION, ETC. (IMPRINT)
Place of publication, distribution, etc Dar es Salaam :
Name of publisher, distributor, etc Tanzania Pub. House,
Date of publication, distribution, etc 1973.
300 ## - PHYSICAL DESCRIPTION
Extent xi, 97 p. ;
490 1# - SERIES STATEMENT
Series statement Tanzanian studies ;
Volume number/sequential designation no. 3
650 #0 - SUBJECT ADDED ENTRY--TOPICAL TERM
Topical term or geographic name as entry element Tourism
Geographic subdivision Tanzania.
9 (RLIN) 8543
700 1# - ADDED ENTRY--PERSONAL NAME
Personal name Shivji, Issa G.,
Relator term editor.
9 (RLIN) 8544
830 #0 - SERIES ADDED ENTRY--UNIFORM TITLE
Uniform title Tanzanian studies ;
Volume number/sequential designation no. 3.
9 (RLIN) 8545
942 ## - ADDED ENTRY ELEMENTS (KOHA)
Source of classification or shelving scheme Library of Congress Classification
Koha item type Monograph ( Printed materials)
Holdings
Withdrawn status Lost status Source of classification or shelving scheme Damaged status Not for loan Collection code Home library Current library Shelving location Date acquired Total Checkouts Full call number Barcode Date last seen Price effective from Koha item type
    Library of Congress Classification     REFERENCE ARRUPE LIBRARY ARRUPE LIBRARY Main Collection 07/02/2014   SPC G155.T3 T68 46500000130 07/02/2014 07/02/2014 REFERENCE
    Library of Congress Classification     Main Collection ARRUPE LIBRARY ARRUPE LIBRARY Main Collection 23/03/2016   G155.T3 T68 46500007065 23/03/2016 23/03/2016 Monograph ( Printed materials)

 

Arrupe Library. PO Box MP320 Mt Pleasant, Harare, Zimbabwe
263 242 745411|librarian@aju.ac.zw